书目信息 |
| 题名: |
不确定性推理的计量化模型及其粗糙集语义
|
|
| 作者: | 折延宏 著 | |
| 分册: | ||
| 出版信息: | 北京 科学出版社 2016.3 |
|
| 页数: | 249页 | |
| 开本: | 25cm | |
| 丛书名: | ||
| 单 册: | ||
| 中图分类: | O141.1 | |
| 科图分类: | ||
| 主题词: | 命题逻辑--计量学 | |
| 电子资源: | ||
| ISBN: | 978-7-03-047765-1 | |
| 000 | 01036nam0 2200229 450 | |
| 001 | 0400003761 | |
| 005 | 20171022135038.0 | |
| 010 | @a978-7-03-047765-1@dCNY88.00 | |
| 100 | @a20160516e2016 em y0chiy50 ea | |
| 101 | 0 | @achi |
| 102 | @aCN@b110000 | |
| 105 | @ay z 000yy | |
| 106 | @ar | |
| 200 | 1 | @a不确定性推理的计量化模型及其粗糙集语义@9bu que ding xing tui li de ji liang hua mo xing ji qi cu cao ji yu yi@b专著@f折延宏著 |
| 210 | @a北京@c科学出版社@d2016.3 | |
| 215 | @a249页@d25cm | |
| 330 | @a本书介绍基于粗糙集语义的逻辑推理及其计量化推理模型,是作者折延宏近年来工作的总结,同时也兼顾了国际上有关不完备信息处理与表示的若干研究成果。全书共八章,具体内容包括计量逻辑中理论逻辑性态的拓扑刻画、三值逻辑与粗糙集、不完备信息、正交对与三值逻辑、基于粗糙集语义的计量化知识推理、多粒度空间与知识推理、Galois联络与基于剩余格的模糊粗糙集模型、模糊逻辑与粗糙近似等。 | |
| 606 | 0 | @a命题逻辑@x计量学 |
| 690 | @aO141.1@v5 | |
| 701 | 0 | @a折延宏@9zhe yan hong@4著 |
| 801 | 0 | @aCN@b91MARC@c20171022 |
| 905 | @b1023125-9@dO141.1@f5@e120 | |
| 不确定性推理的计量化模型及其粗糙集语义/折延宏著.-北京:科学出版社,2016.3 |
| 249页;25cm |
| ISBN 978-7-03-047765-1:CNY88.00 |
| 本书介绍基于粗糙集语义的逻辑推理及其计量化推理模型,是作者折延宏近年来工作的总结,同时也兼顾了国际上有关不完备信息处理与表示的若干研究成果。全书共八章,具体内容包括计量逻辑中理论逻辑性态的拓扑刻画、三值逻辑与粗糙集、不完备信息、正交对与三值逻辑、基于粗糙集语义的计量化知识推理、多粒度空间与知识推理、Galois联络与基于剩余格的模糊粗糙集模型、模糊逻辑与粗糙近似等。 |
| ● |
| 相关链接 |
|
|
|
|
正题名:不确定性推理的计量化模型及其粗糙集语义
索取号:O141.1/120
 
预约/预借
| 序号 | 登录号 | 条形码 | 馆藏地/架位号 | 状态 | 备注 |
| 1 | 1023125 | 210231257 | 第二样本阅览室/ [索取号:O141.1/120] | 在馆 | |
| 2 | 1023126 | 210231266 | 密集书库-数信学院/ [索取号:O141.1/120] | 在馆 | |
| 3 | 1023127 | 210231275 | 第三借阅区/ [索取号:O141.1/120] | 在馆 | |
| 4 | 1023128 | 210231284 | 第三借阅区/ [索取号:O141.1/120] | 在馆 | |
| 5 | 1023129 | 210231293 | 第三借阅区/ [索取号:O141.1/120] | 在馆 |